The literary essay; Writing about fiction (Record no. 25660)
[ view plain ]
| 000 -LEADER | |
|---|---|
| fixed length control field | 00625nam a22001937a 4500 |
| 003 - CONTROL NUMBER IDENTIFIER | |
| control field | OSt |
| 005 - DATE AND TIME OF LATEST TRANSACTION | |
| control field | 20260630124755.0 |
| 008 - FIXED-LENGTH DATA ELEMENTS--GENERAL INFORMATION | |
| fixed length control field | 260630b |||||||| |||| 00| 0 eng d |
| 020 ## - INTERNATIONAL STANDARD BOOK NUMBER | |
| International Standard Book Number | 9780325047393 |
| 040 ## - CATALOGING SOURCE | |
| Transcribing agency | Chuka university library |
| 050 ## - LIBRARY OF CONGRESS CALL NUMBER | |
| Classification number | LB 1575 |
| Item number | .C35 2013 |
| 100 ## - MAIN ENTRY--PERSONAL NAME | |
| Personal name | Calkins, Lucy |
| 9 (RLIN) | 27666 |
| 245 ## - TITLE STATEMENT | |
| Title | The literary essay; Writing about fiction |
| 260 ## - PUBLICATION, DISTRIBUTION, ETC. | |
| Place of publication, distribution, etc. | portsmouth |
| Name of publisher, distributor, etc. | firsthand |
| Date of publication, distribution, etc. | 2013 |
| 300 ## - PHYSICAL DESCRIPTION | |
| Extent | various pages |
| Other physical details | illustrated |
| 650 ## - SUBJECT ADDED ENTRY--TOPICAL TERM | |
| Topical term or geographic name entry element | literature--study and teaching [elementary] |
| 9 (RLIN) | 26726 |
| 650 ## - SUBJECT ADDED ENTRY--TOPICAL TERM | |
| Topical term or geographic name entry element | literature history and criticism--study and teaching[ elementary] |
| 9 (RLIN) | 32114 |
| 942 ## - ADDED ENTRY ELEMENTS (KOHA) | |
| Source of classification or shelving scheme | Library of Congress Classification |
| Koha item type | Long Loan Books |
| Suppress in OPAC | No |
| Withdrawn status | Lost status | Source of classification or shelving scheme | Damaged status | Not for loan | Collection | Home library | Current library | Shelving location | Date acquired | Source of acquisition | Cost, normal purchase price | Total Checkouts | Full call number | Barcode | Date last seen | Price effective from | Koha item type | Copy number |
|---|---|---|---|---|---|---|---|---|---|---|---|---|---|---|---|---|---|---|
| Library of Congress Classification | General Collection Books | Main Campus Library | Main Campus Library | General Stacks | 30/06/2026 | Donations from Books for Africa | 1372.64 | LB 1575 .C35 2013 | 36513/2026 | 30/06/2026 | 30/06/2026 | Long Loan Books | ||||||
| Library of Congress Classification | General Collection Books | Main Campus Library | Main Campus Library | General Stacks | 01/07/2026 | Donation from books of Africa | 1372.64 | LB 1576 .C35 2013 | 36832/2026 | 01/07/2026 | 01/07/2026 | Long Loan Books | 1 | |||||
| Library of Congress Classification | General Collection Books | Main Campus Library | Main Campus Library | General Stacks | 01/07/2026 | Donation from books of Africa | 1372.64 | LB 1576 .C35 2015 | 36834/2026 | 01/07/2026 | 01/07/2026 | Long Loan Books | 3 |
